New focus for English Partnerships (Record no. 69824)
[ view plain ]
| 000 -LEADER | |
|---|---|
| fixed length control field | 01027cam a2200217 4500 |
| 001 - CONTROL NUMBER | |
| control field | WB3811-30 |
| 008 - FIXED-LENGTH DATA ELEMENTS--GENERAL INFORMATION | |
| fixed length control field | 020321n2002 000 0 eng u |
| 035 ## - SYSTEM CONTROL NUMBER | |
| System control number | (Sirsi) u117196 |
| 245 ## - TITLE STATEMENT | |
| Title | New focus for English Partnerships |
| 260 ## - PUBLICATION, DISTRIBUTION, ETC. | |
| Date of publication, distribution, etc. | 2002 |
| 490 ## - SERIES STATEMENT | |
| Series statement | DTLR News Release |
| Volume/sequential designation | (0117) 20 March 2002, (2) |
| 520 ## - SUMMARY, ETC. | |
| Summary, etc. | The future role of English Partnerships (EP) is revealed following stage one of its quinquennial review. EP will focus on brownfield regeneration and manage a national portfolio of strategic sites and demonstration projects. To concentrate on these new areas, EP will give their non strategic Commission for the New Towns (CNT) landholdings to appropriate bodies and gradually stop using their CNT planning powers. http://www.press.dtlr.gov.uk/pns/DisplayPN.cgi?pn_id=2002_0117 |
| 590 ## - LOCAL NOTE (RLIN) | |
| Local note | WB |
| 650 ## - SUBJECT ADDED ENTRY--TOPICAL TERM | |
| Topical term or geographic name entry element | ENGLISH PARTNERSHIPS |
| 650 ## - SUBJECT ADDED ENTRY--TOPICAL TERM | |
| Topical term or geographic name entry element | BROWNFIELD LAND |
| 650 ## - SUBJECT ADDED ENTRY--TOPICAL TERM | |
| Topical term or geographic name entry element | REGENERATION |
| 650 ## - SUBJECT ADDED ENTRY--TOPICAL TERM | |
| Topical term or geographic name entry element | DEMONSTRATION PROJECTS |
| 650 ## - SUBJECT ADDED ENTRY--TOPICAL TERM | |
| Topical term or geographic name entry element | STRATEGIC SITES |
| 690 ## - LOCAL SUBJECT ADDED ENTRY--TOPICAL TERM (OCLC, RLIN) | |
| Topical term or geographic name as entry element | REGENERATION |
| 942 ## - ADDED ENTRY ELEMENTS (KOHA) | |
| Suppress in OPAC | 0 |
| Withdrawn status | Lost status | Source of classification or shelving scheme | Damaged status | Not for loan | Home library | Current library | Shelving location | Date acquired | Total Checkouts | Full call number | Barcode | Date last seen | Copy number | Price effective from | Koha item type |
|---|---|---|---|---|---|---|---|---|---|---|---|---|---|---|---|
| Dewey Decimal Classification | London | London | News article | 21/03/2002 | WB3811-30 | 117196-1001 | 06/08/2019 | 1 | 06/08/2019 | News article |